Egypt and Austria IV : crossroads = Ägypten und Österreich IV : Begegnungen /

محفوظ في:

مؤلفون آخرون: Holaubek, Johanna, Navrátilová, Hana., Oerter, Wolf B.

التنسيق: كتاب

اللغة: English
German

منشور في: Praha : Set Out, 2008.

الموضوعات:

الوسوم: إضافة وسم

لا توجد وسوم, كن أول من يضع وسما على هذه التسجيلة!

رقم الطلب: DT82.5 .A8 E4 v.4

LEADER 01280nam a22003617a 4500
003 OSt
005 20260210100059.0
008 260210t2008 xr abf g b 100 0 eng d
010 |a 2009455504 
020 |a 9788086277615 
040 |c ARCE Library 
041 0 |a eng  |a ger 
043 |a f-ua---  |a e-au--- 
050 1 4 |a DT82.5 .A8  |b E4 v.4 
245 0 0 |a Egypt and Austria IV :   |b crossroads = Ägypten und Österreich IV : Begegnungen /   |c edited by Johanna Holaubek, Hana Navrátilová, Wolf B. Oerter. 
264 1 |a Praha :   |b Set Out,   |c 2008. 
300 |a 302 pages, [24] pages of plates :   |b illustrations (some color), maps ;   |c 22 cm. 
500 |a Proceedings from a 2004 symposium. 
500 |a "ISSN 1803-4373"--Colophon. 
504 |a Includes bibliographical references. 
546 |a Text in English and German. 
650 0 |a Egyptology  |z Austria  |v Congresses. 
651 0 |a Egypt  |x History  |v Congresses. 
651 0 |a Austria  |x History  |v Congresses 
651 0 |a Egypt  |x Civilization  |v Congresses. 
651 0 |a Austria  |x Civilization  |v Congresses. 
651 0 |a Egypt  |x Foreign relations  |v Congresses. 
700 1 |a Holaubek, Johanna, 
700 1 |a Navrátilová, Hana.  |9 36772 
700 1 |a Oerter, Wolf B. 
901 |a reviewed 
942 |c BK  |2 lcc 
999 |c 28013  |d 28013